000 01180 a2200337 4500
999 _c200001298
_d29017
001 200001298
003 TR-AnTOB
005 20200422120952.0
007 ta
008 100906s2009 tu 0 de T TU 1U0tur
020 _a9789751622013
040 _aTR-AnTOB
_beng
_erda
_cTR-AnTOB
_dTR-AnTOB
041 0 _atur
050 0 0 _aDS27.22.G59
090 _aDS27.22.G59
_b.K424 2009
100 1 _aKaymaz, Nejat
_eauthor
_969619
245 1 0 _aAnadolu Selçuklu sultanlarından :
_bII. Giyasü'd-din Keyhüsrev ve devri /
_cNejat Kaymaz.
246 3 0 _aII. Giyasü'd-din Keyhüsrev ve devri
264 1 _aAnkara :
_bTürk Tarih Kurumu,
_c2009.
300 _a213 pages ;
_c23 cm.
336 _atext
_2rdacontent
_btxt
337 _aunmediated
_2rdamedia
_bn
338 _avolume
_2rdacarrier
_bnc
490 0 _aAKDTYK Türk Tarih Kurumu Yayınları ;
_vIV/A-2-1.1.
_aDizi- Sayı ;
_v2
504 _aIncludes bibliographical references and index.
600 0 0 _aGiyaseddin Keyhüsrev,
_bII,
_cSultan of the Seljuks,
_d1221-1246
_9119332
650 7 _aSelçuklular
_xTarih
_2etuturkob
_98479
650 0 _aSeljuks
_xHistory
_98478
942 _cBK
_2lcc